Представление документа в формате MARC21

Поле Инд. ПП Название Значение
Тип записи a
Библиографический уровень b
001 Контрольный номер RU/IS/BASE/289567107
005 Дата корректировки 20200630193236.1
008 Кодируемые данные 20090305
040 b Код языка каталог. rus
e Правила каталог. PSBO
041 0_ a Код языка текста rus
084 a Индекс другой классификации/Индекс ББК 81.003
100 1_ a Автор Белошапкова Т. В.
245 10 a Заглавие Когнитивно-дискурсивная парадигма лингвистического знания и категория аспектуальности
504 a Библиография Библиогр. - Примеч.: с. 34 - 43
650 04 a Основная рубрика общее языкознание
a Основная рубрика филологические науки
a Основная рубрика языкознание
653 0_ a Ключевые слова аспектология
a Ключевые слова аспектуальность
a Ключевые слова идеализированные когнитивные модели
a Ключевые слова когнитивная лингвистика
a Ключевые слова лингвистика
a Ключевые слова лингвистические категории
a Ключевые слова фреймы
773 08 t Заглавие источника Вестник Московского университета. Серия 9, Филология
d Дата издания источника 2008
g Прочая информация № 2. - С. 34 - 43
w Контрольный № источника RU/IS/BASE/286474537
901 t Тип документа b